000
00402nam a2200145Ia 4500
008
090124s9999 xx 000 0 und d
082
_b
134176
_a
104106
245
_a
प्रतिशोध
250
_a
1
260
_b
माडखोलकर चंद्रशेखर.
_c
2006
300
_a
124
630
_a
प्रतिशोध
730
_a
प्रतिशोध
942
_c
BOOK
999
_c
182033
_d
182033